000 01618nam0a2200397 4500
001 RU\NLR\bibl\1443913
005 20260406053435.0
010 _a978-5-91761-006-1
_95000
021 _aRU
_b2009-78334
_94904
035 _a(nilc)RSL-KNO-004389480
035 _a(NLR Aleph) 001435759
090 _a1431268
_c1431268
100 _a20090930d2009 |||y0rusy50 ca
101 0 _arus
102 _aRU
105 _ay |||||||||
200 1 _aЛекции по истории религий, прочитанные в Екатеринбурге
_fА. Б. Зубов
210 _aМосква
_cНикея
_d2009
_eУльяновск
_gУльяновский Дом печати
215 _a140, [1] с.
_d17
300 _aЗагл. обл.: Лекции по истории религий проф. Зубова, прочитанные в Екатеринбурге
300 _aВ аннот. авт.: проф. А.Б. Зубов
333 _a18+
512 0 _aЛекции по истории религий проф. Зубова, прочитанные в Екатеринбурге
606 1 _aРелигия
_xИстория
_91190702
_3RU\NLR\auth\66162574
686 _aЭ23я73-2
_2rubbk
686 _aЭ23
700 1 _4070
_8rus
_7ca
_aЗубов
_bА. Б.
_f1952-
_gАндрей Борисович
_3RU\NLR\AUTH\778188
_9118102
801 0 _aRU
_bРКП
_c20090930
801 1 _aRU
_bРГБ
_c20090930
801 2 _aRU
_bNLR
_c20091126
_grcr
942 _cBOOK
980 _aNB
980 _aIA
996 _aиноагент
_bp
_cЗубов Андрей Борисович